Cumplimiento del plazo del art. 657 Cód. Civ. y Com. Inconstitucionalidad. Instituto de la tutela / (Registro nro. 6050)
[ vista simple ]
| 000 -LEADER | |
|---|---|
| fixed length control field | 01158nab a22002537a 4500 |
| 003 - CONTROL NUMBER IDENTIFIER | |
| control field | OSt |
| 005 - DATE AND TIME OF LATEST TRANSACTION | |
| control field | 20260120231422.0 |
| 008 - FIXED-LENGTH DATA ELEMENTS--GENERAL INFORMATION | |
| fixed length control field | 190514b xxu||||| |||| 00| 0 spa d |
| 040 ## - CATALOGING SOURCE | |
| Transcribing agency | PJ |
| 100 ## - MAIN ENTRY--PERSONAL NAME | |
| 9 (RLIN) | 6654 |
| Personal name | Airoldi, Federico |
| 245 10 - TITLE STATEMENT | |
| Title | Cumplimiento del plazo del art. 657 Cód. Civ. y Com. Inconstitucionalidad. Instituto de la tutela / |
| Statement of responsibility, etc | Federico Airoldi, Nicole Muni. |
| 300 ## - PHYSICAL DESCRIPTION | |
| Extent | p. 19-24 |
| 500 ## - GENERAL NOTE | |
| General note | Cita: TR LALEY AR/DOC/246/2024. |
| 505 ## - FORMATTED CONTENTS NOTE | |
| Formatted contents note | Sumario: I. El fallo.— II. El caso.— III. Marco normativo.— IV. Interés superior del niño.— V. Inconstitucionalidad como ultima ratio.— VI. Palabras de cierre. |
| 505 ## - FORMATTED CONTENTS NOTE | |
| Title | Fallo comentado: SC Buenos Aires ~ 04/10/2023 ~ Salim, Jorge s/ guarda a parientes. |
| 650 #0 - SUBJECT ADDED ENTRY--TOPICAL TERM | |
| 9 (RLIN) | 967 |
| Topical term or geographic name as entry element | DERECHO DE FAMILIA |
| 650 #0 - SUBJECT ADDED ENTRY--TOPICAL TERM | |
| 9 (RLIN) | 4097 |
| Topical term or geographic name as entry element | INTERES SUPERIOR DEL NIÑO |
| 650 #0 - SUBJECT ADDED ENTRY--TOPICAL TERM | |
| 9 (RLIN) | 1336 |
| Topical term or geographic name as entry element | TUTELA |
| 650 #0 - SUBJECT ADDED ENTRY--TOPICAL TERM | |
| 9 (RLIN) | 4597 |
| Topical term or geographic name as entry element | CONSTITUCIONALIDAD |
| 650 #0 - SUBJECT ADDED ENTRY--TOPICAL TERM | |
| 9 (RLIN) | 1057 |
| Topical term or geographic name as entry element | JURISPRUDENCIA APLICABLE |
| 700 ## - ADDED ENTRY--PERSONAL NAME | |
| 9 (RLIN) | 6655 |
| Personal name | Muni, Nicole |
| 773 0# - HOST ITEM ENTRY | |
| Host Biblionumber | 2844 |
| Host Itemnumber | 3222 |
| Place, publisher, and date of publication | Buenos Aires : AbeledoPerrot, 1989- |
| Title | Derecho de familia. Revista Interdisciplinaria de doctrina y jurisprudencia. Abril 2024-II. |
| International Standard Book Number | 18511201 |
| 942 ## - ADDED ENTRY ELEMENTS (KOHA) | |
| Source of classification or shelving scheme | |
| Koha item type | Analítica Artículo de Revista |
No hay ítems disponibles.
